000 00378nam a2200157Ia 4500
008 160316s1999 xxu||||| |||| 00| 0 eng d
082 _a0.000000
_b
100 _a
245 _aPrinciples concerning the legal protection of incable adults
250 _a
260 _aStrasbourg
_bCouncil of Europe
_c1999
300 _a48p
_b
_c
365 _b
650 _a
700 _a
_a
999 _c18217
_d18217